Genetic localization of fourgenes for nematode (heterodera schachtii Schm) resistance in sugar beet (Beta vulgaris L) (Record no. 59837)

MARC details
000 -LEADER
fixed length control field 00566nam a2200193Ia 4500
100 ## - MAIN ENTRY--AUTHOR NAME
Personal name Heller R
245 #0 - TITLE STATEMENT
Title Genetic localization of fourgenes for nematode (heterodera schachtii Schm) resistance in sugar beet (Beta vulgaris L)
260 ## - PUBLICATION, DISTRIBUTION, ETC. (IMPRINT)
Name of publisher Theoretical and Applied Genetics
Year of publication 1996
300 ## - PHYSICAL DESCRIPTION
Number of Pages 991-997
650 ## - SUBJECT ADDED ENTRY--TOPICAL TERM
Topical Term Bulk segregant
650 ## - SUBJECT ADDED ENTRY--TOPICAL TERM
Topical Term Genetic map
650 ## - SUBJECT ADDED ENTRY--TOPICAL TERM
Topical Term Nematode resistance
650 ## - SUBJECT ADDED ENTRY--TOPICAL TERM
Topical Term RFLP
700 ## - ADDED ENTRY--PERSONAL NAME
Personal name Jung C
700 ## - ADDED ENTRY--PERSONAL NAME
Personal name Schondelmaier J
700 ## - ADDED ENTRY--PERSONAL NAME
Personal name Steinrucken G
942 ## - ADDED ENTRY ELEMENTS (KOHA)
Koha item type Journals
Holdings
Withdrawn status Lost status Damaged status Not for loan Home library Current library Shelving location Date acquired Serial Enumeration / chronology Koha item type
      Journals RRII Library RRII Library RFLP 17/12/2021 Volume 92, Issue 8 Journals